Statistics for All Teams Ronaldo played for Quiz

Click here to take the quiz!

General Stats

  • This quiz has been taken 33 times
  • The average score is 7 of 7

Answer Stats

HintAnswer% Correct
2018-2021Juventus
100%
2009-2018Real Madrid
100%
2002-2003Sporting CP
100%
2003-2009Manchester United
97%
2021-2022Manchester United
97%
International TeamPortugal FC
90%
2023-presentAl-Nassr
83%

Score Distribution

Percentile by Number Answered

Percent of People with Each Score

Your Score History

You have not taken this quiz